000 00307nam a22001217a 4500
008 180809b xxu||||| |||| 00| 0 eng d
041 _aeng
080 _a616.053
100 _a7
101 _aKAR
245 _aThe recognition and management of the neonate with heart disease
_cSTRONG.W.B
942 _2udc
_cBK
999 _c46964
_d46964